| 000 | 00471nam a2200193Ia 4500 | ||
|---|---|---|---|
| 005 | 20240823040303.0 | ||
| 008 | 240823s9999||||xx |||||||||||||| ||und|| | ||
| 020 | _a978-81-237-3390-6 | ||
| 041 | _aTAMIL | ||
| 082 | _A954.0350924 Q0 | ||
| 100 | _aJayanth Bandya | ||
| 245 | 0 | _aGandhiyadigalum Aavarathu Seedargalum | |
| 250 | _a2nd | ||
| 260 |
_c2010 _bNational Book Tr _aChennai |
||
| 500 | _aYES | ||
| 650 |
_aGeneral _bGeneral |
||
| 942 | _cBK | ||
| 999 |
_c202739 _d202739 |
||